Loading...
Anita Desai: Fire on the mountain
| Main Author: | |
|---|---|
| Format: | Printed Book |
| Published: |
New Delhi:
Atlantic,
2005
|
| LEADER | 00416nam a22001337a 4500 | ||
|---|---|---|---|
| 008 | 140827b ii||||| |||| 00| 0 hin d | ||
| 999 | |c 247672 |d 247672 | ||
| 100 | |a Rama Kundu | ||
| 245 | |a Anita Desai: Fire on the mountain | ||
| 260 | |a New Delhi: |b Atlantic, |c 2005 | ||
| 300 | |a 210p | ||
| 546 | |a in Hindi | ||
| 942 | |c BK | ||
| 952 | |0 0 |1 0 |4 0 |6 S_35 |7 0 |9 275008 |a HIN |b HIN |c ST1 |d 2017-06-28 |i 23877 |l 0 |o s-35 |p HIN23877 |r 2017-06-28 |w 2018-08-23 |y BK | ||